000 00881cam a2200265 4500
008 090401t1997 xxu||||| |||| 00| 0 eng d
020 _a0721915205
035 _a(Sirsi) u81475
041 _aeng
050 _a614.76
100 _aPocklington, David
245 4 _aThe law of waste management.
260 _aCrayford, Kent
_bShaw & Sons
_c1997
300 _alvi,615p. ; 24cm.
350 _a39.95
520 _aProvides a comprehensive overview of the law of waste management, covering such areas as landfill tax, contaminated land and corporate liability as well as the treatment of specific types of waste.
650 _aENVIRONMENTAL LAW
650 _aENVIRONMENTAL PROTECTION ACT 1990
650 _aLANDFILL TAX
650 _aWASTE CONTROL
650 _aWASTE MANAGEMENT
690 _aENVIRONMENTAL AND LAND CONSULTANCY
942 _n0
948 _c16/10/1997
999 _c96719
_d96719